000 00332nam a22001337a 4500
008 170824b xxu||||| |||| 00| 0 eng d
020 _a9780130843760
041 _aeng
080 _a51
100 _a38
101 _aMAT
245 _aDIFERENTIAL EQUATIONS WITH GRAPHICALAND NUMERICAL METHODS
_cBANKS.B.W
942 _2udc
_cBK
999 _c24754
_d24754